Govt. of
Madhya Pradesh

Raj Kapoor's Films (Record no. 6402)

MARC details
000 -LEADER
fixed length control field 003220000a22001450004500
003 - CONTROL NUMBER IDENTIFIER
control field MACL
040 ## - CATALOGING SOURCE
Original cataloging agency MACL
090 ## - LOCALLY ASSIGNED LC-TYPE CALL NUMBER (OCLC); LOCAL CALL NUMBER (RLIN)
-- 6450
-- 6449
100 ## - MAIN ENTRY--PERSONAL NAME
Personal name Sahai, Malti
245 ## - TITLE STATEMENT
Title Raj Kapoor's Films
Remainder of title Harmony of Discourses
260 ## - PUBLICATION, DISTRIBUTION, ETC. (IMPRINT)
Name of publisher, distributor, etc. Vikas Publishing House
Date of publication, distribution, etc. 1988
350 ## - PRICE (NR) (BK AM CF MU VM SE) [OBSOLETE]
Price 295
650 ## - SUBJECT ADDED ENTRY--TOPICAL TERM
Topical term or geographic name as entry element Biography
942 ## - ADDED ENTRY ELEMENTS (KOHA)
Koha item type Library Membar
Call number prefix 920
Holdings
Withdrawn status Lost status Source of classification or shelving scheme Damaged status Not for loan Home library Current library Date acquired Full call number Barcode Date last seen Uniform Resource Identifier Price effective from Koha item type
          MACL MACL 15/04/2015 920 BOOK CRE004385 02/05/2024 6343 15/04/2015 Books